[Event "Scottish op"]
[Site "Dunfermline"]
[Date "2024.07.14"]
[Round "9"]
[White "McCusker, Andrew"]
[Black "Skettos, Nicolas"]
[Result "0-1"]
[WhiteElo "1931"]
[BlackElo "2017"]
[PlyCount "62"]
[EventDate "2024.07.08"]
[EventType "swiss"]
[EventRounds "9"]
[EventCountry "SCO"]
[SourceTitle "CBM 221 Extra"]
[Source "ChessBase"]
[SourceDate "2024.09.30"]
[SourceVersion "1"]
[SourceVersionDate "2024.09.30"]
[SourceQuality "1"]

1. d4 Nf6 2. c4 e6 3. Nf3 b6 4. g3 Ba6 5. Qc2 Bb7 6. Bg2 c5 7. 0-0 cxd4 8. Nxd4 Bxg2 9. Kxg2 Qc8 10. Bf4 a6 11. e4 Nc6 12. Nf3 d6 13. Rd1 Qc7 14. Nc3 Ne5 15. Qa4+ Nc6 16. e5 Nh5 17. Nb5 Nxf4+ 18. gxf4 Qb7 19. Nxd6+ Bxd6 20. Rxd6 Rc8 21. Kg3 0-0 22. Rad1 Ne7 23. Nh4 g5 24. fxg5 Qe4 25. R6d4 Qxe5+ 26. f4 Qe3+ 27. Kg2 Qe2+ 28. Kh1 Qxb2 29. Qxa6 Ra8 30. Qb5 Qf2 31. Ng2 Rxa2 0-1

[Event "Scottish op"]
[Site "Dunfermline"]
[Date "2024.07.09"]
[Round "3"]
[White "McCusker, Andrew"]
[Black "Sharma, Devesh"]
[Result "0-1"]
[WhiteElo "1931"]
[BlackElo "1814"]
[PlyCount "81"]
[EventDate "2024.07.08"]
[EventType "swiss"]
[EventRounds "9"]
[EventCountry "SCO"]
[SourceTitle "CBM 221 Extra"]
[Source "ChessBase"]
[SourceDate "2024.09.30"]
[SourceVersion "1"]
[SourceVersionDate "2024.09.30"]
[SourceQuality "1"]

1. d4 d5 2. c4 e6 3. Nf3 Nf6 4. Nc3 Be7 5. Bf4 0-0 6. e3 Nbd7 7. cxd5 exd5 8. Bd3 c6 9. h3 Re8 10. Qc2 Nf8 11. 0-0 Ng6 12. Bg3 Bd6 13. Bxd6 Qxd6 14. Rab1 Qe7 15. b4 a6 16. a4 Ne4 17. Ne2 Qf6 18. Bxe4 dxe4 19. Nd2 Nh4 20. Ng3 Qg6 21. Nc4 Qh6 22. Nb6 Rb8 23. Nxc8 Rbxc8 24. Rfc1 Qe6 25. Qd2 Qxh3 26. gxh3 Nf3+ 27. Kg2 Nxd2 28. Rb2 Nf3 29. Nf5 Rcd8 30. b5 cxb5 31. axb5 h5 32. Rc7 Rd5 33. Ng3 Ne1+ 34. Kf1 Nd3 35. Rb3 Rxb5 36. Rxb5 axb5 37. Rxb7 h4 38. Nf5 Ra8 39. Nd6 Ra1+ 40. Ke2 Re1+ 41. Kd2 0-1

[Event "Livingston Allegro op"]
[Site "Livingston"]
[Date "2023.04.02"]
[Round "4"]
[White "Berera, Siddharth"]
[Black "McCusker, Andrew"]
[Result "1-0"]
[WhiteElo "1806"]
[BlackElo "1724"]
[PlyCount "113"]
[EventDate "2023.04.02"]
[EventType "swiss (rapid)"]
[EventRounds "5"]
[EventCountry "SCO"]
[SourceTitle "CBM 213 Extra"]
[Source "ChessBase"]
[SourceDate "2023.05.31"]
[SourceVersion "1"]
[SourceVersionDate "2023.05.31"]
[SourceQuality "1"]

1. e4 c6 2. d4 d5 3. exd5 cxd5 4. Bd3 Nf6 5. c3 e6 6. Bf4 Bd6 7. Bg3 0-0 8. Nd2 Nc6 9. Ngf3 a6 10. a4 Qc7 11. Qe2 Bd7 12. 0-0 Bxg3 13. hxg3 Rae8 14. Ne5 Bc8 15. Ndf3 g6 16. g4 Nxe5 17. Nxe5 Nd7 18. g5 Nxe5 19. Qxe5 Qxe5 20. dxe5 Bd7 21. f3 Ra8 22. Kf2 Rfb8 23. Ke3 b5 24. axb5 Bxb5 25. Bxb5 Rxb5 26. b4 Rc8 27. Kd4 Rb6 28. Ra5 Rc4+ 29. Kd3 Rbc6 30. Ra3 d4 31. cxd4 Rxb4 32. Rfa1 Rbb6 33. g4 Kg7 34. Ke4 h6 35. gxh6+ Kxh6 36. f4 Kg7 37. f5 g5 38. Rh1 f6 39. Rah3 exf5+ 40. Kxf5 fxe5 41. Rh7+ Kf8 42. Rh8+ Ke7 43. R1h7+ Kd6 44. dxe5+ Kc5 45. Kxg5 a5 46. Ra8 Ra6 47. Rha7 Rxa7 48. Rxa7 Kb6 49. Ra8 Rc5 50. Kf6 Kb7 51. Rh8 a4 52. Rh3 Ra5 53. Ra3 Kc7 54. e6 Kd8 55. Rd3+ Ke8 56. Rh3 Kd8 57. e7+ 1-0

[Event "Livingston Allegro op"]
[Site "Livingston"]
[Date "2023.04.02"]
[Round "1"]
[White "McCusker, Andrew"]
[Black "Ram Prasad, PM."]
[Result "1-0"]
[WhiteElo "1724"]
[BlackElo "1493"]
[PlyCount "64"]
[EventDate "2023.04.02"]
[EventType "swiss (rapid)"]
[EventRounds "5"]
[EventCountry "SCO"]
[SourceTitle "CBM 213 Extra"]
[Source "ChessBase"]
[SourceDate "2023.05.31"]
[SourceVersion "1"]
[SourceVersionDate "2023.05.31"]
[SourceQuality "1"]

1. c4 e5 2. Nc3 f5 3. g3 Nf6 4. Bg2 c6 5. d4 d6 6. dxe5 dxe5 7. Qxd8+ Kxd8 8. e4 Bd6 9. Nge2 Be6 10. b3 h6 11. 0-0 Kc7 12. Be3 Nbd7 13. exf5 Bxf5 14. Rad1 Ng4 15. Bc1 Rhf8 16. h3 Nxf2 17. Rxd6 Kxd6 18. Rxf2 Bd3 19. Ba3+ Nc5 20. Na4 b6 21. Nxc5 bxc5 22. Nc3 Rxf2 23. Kxf2 Rf8+ 24. Ke3 Bf1 25. Na4 Kc7 26. Bxc5 Rf7 27. Bxf1 Rxf1 28. Bxa7 Ra1 29. Nc3 Rc1 30. Kd2 Rg1 31. Bxg1 Kd7 32. h4 Kc7 1-0

[Event "Dundee & Angus op"]
[Site "Dundee"]
[Date "2016.10.08"]
[Round "2"]
[White "Mitchell, Jeremy J"]
[Black "McCusker, Andrew"]
[Result "1-0"]
[WhiteElo "1831"]
[BlackElo "1710"]
[PlyCount "97"]
[EventDate "2016.10.07"]
[EventType "swiss"]
[EventRounds "5"]
[EventCountry "SCO"]
[SourceTitle "EXT 2023"]
[Source "ChessBase"]
[SourceDate "2022.10.05"]
[SourceVersion "1"]
[SourceVersionDate "2022.10.05"]
[SourceQuality "1"]

1. e4 c6 2. d4 d5 3. exd5 cxd5 4. c4 Nf6 5. Nc3 Nc6 6. Bf4 a6 7. Nf3 e6 8. c5 b5 9. Be2 Be7 10. 0-0 0-0 11. a3 Re8 12. b4 Bb7 13. Bd3 Nh5 14. Bg3 Nxg3 15. fxg3 Bf6 16. Ne2 Qc7 17. Ra2 Rad8 18. Rd2 e5 19. dxe5 Nxe5 20. Nxe5 Rxe5 21. Bb1 d4 22. Nf4 Re3 23. Nh5 Be5 24. Rdf2 Qc6 25. Qg4 d3 26. Qf5 Rd7 27. Nf4 g6 28. Qg4 d2 29. Rd1 Re1+ 30. Rf1 h5 31. Qf3 Bxf4 32. gxf4 Qxf3 33. gxf3 Bxf3 34. Rfxe1 dxe1Q+ 35. Rxe1 Bc6 36. Kf2 Kf8 37. Re5 Rd2+ 38. Re2 Rd1 39. Be4 Bd7 40. Bb7 Rd4 41. Ke3 Rc4 42. Bxa6 Rc3+ 43. Kd4 Rxa3 44. Bb7 Rb3 45. c6 Be6 46. Kc5 Rc3+ 47. Kb6 Rc4 48. Rxe6 fxe6 49. c7 1-0

[Event "Wch U14"]
[Site "Maribor"]
[Date "2012.11.09"]
[Round "2.63"]
[White "Isaev, Chyngyz"]
[Black "McCusker, Andrew"]
[Result "1-0"]
[WhiteElo "1835"]
[BlackElo "1619"]
[PlyCount "75"]
[EventDate "2012.11.08"]
[EventType "swiss"]
[EventRounds "11"]
[EventCountry "SLO"]
[SourceTitle "EXT 2013"]
[Source "ChessBase"]
[SourceDate "2012.11.22"]
[SourceVersion "1"]
[SourceVersionDate "2012.11.22"]
[SourceQuality "1"]

1. d4 d5 2. c4 c6 3. Nf3 Nf6 4. Nc3 e6 5. e3 Nbd7 6. Qc2 Bd6 7. b3 e5 8. cxd5 cxd5 9. dxe5 Nxe5 10. Be2 0-0 11. 0-0 b6 12. h3 Bb7 13. Bb2 Rc8 14. Rac1 Ne4 15. Rfd1 Nxf3+ 16. Bxf3 Nxc3 17. Bxc3 Ba3 18. Qd3 Bxc1 19. Rxc1 d4 20. exd4 Bxf3 21. Qxf3 Qf6 22. Qd3 Qg6 23. Qf3 Rfe8 24. d5 Red8 25. Rd1 Qc2 26. Rd3 Rd6 27. Be5 Rg6 28. d6 Qc1+ 29. Rd1 Qg5 30. d7 Rd8 31. Bc7 Re6 32. Bxd8 Qxd8 33. Qb7 Kf8 34. Qxa7 Ke7 35. Qa3+ Kf6 36. Qb4 Kg6 37. Rd6 Rxd6 38. Qxd6+ 1-0

[Event "World ol U16 11th"]
[Site "Istanbul"]
[Date "2012.08.29"]
[Round "1.17"]
[White "Haring, Viktor"]
[Black "McCusker, Andrew"]
[Result "1-0"]
[WhiteElo "2049"]
[BlackElo "1659"]
[PlyCount "49"]
[EventDate "2012.08.29"]
[EventType "team-swiss"]
[EventRounds "10"]
[EventCountry "TUR"]
[SourceTitle "CBM 150 Extra"]
[Source "ChessBase"]
[SourceDate "2012.10.19"]
[SourceVersion "1"]
[SourceVersionDate "2012.10.19"]
[SourceQuality "1"]
[WhiteTeam "Slovakia (U16) II"]
[BlackTeam "Scotland (U16)"]
[WhiteTeamCountry "SVK"]
[BlackTeamCountry "SCO"]

1. e4 c6 2. d4 d5 3. exd5 cxd5 4. c4 Nf6 5. Nc3 Nc6 6. Bg5 Qb6 7. cxd5 Nxd4 8. Be3 e5 9. dxe6 Bc5 10. exf7+ Kxf7 11. Bc4+ Be6 12. Bxe6+ Kxe6 13. Nge2 Rhd8 14. Nxd4+ Bxd4 15. Bxd4 Rxd4 16. Qe2+ Kf7 17. 0-0 Rad8 18. Rac1 Re8 19. Qc2 Ne4 20. Rce1 Rd2 21. Qa4 Rd4 22. Qa3 Re5 23. Nxe4 Rexe4 24. Rxe4 Rxe4 25. Qf3+ 1-0

[Event "East Kilbride Weekly op 4th"]
[Site "East Kilbride"]
[Date "2011.06.02"]
[Round "5"]
[White "McCusker, Andrew"]
[Black "Miller, Craig1"]
[Result "1-0"]
[WhiteElo "1168"]
[BlackElo "1546"]
[PlyCount "67"]
[EventDate "2011.05.??"]
[EventType "swiss"]
[EventRounds "5"]
[EventCountry "SCO"]
[SourceTitle "EXT 2023"]
[Source "ChessBase"]
[SourceDate "2022.10.05"]
[SourceVersion "1"]
[SourceVersionDate "2022.10.05"]
[SourceQuality "1"]

1. c4 e5 2. Nc3 Nf6 3. g3 c6 4. Bg2 d6 5. e3 Be6 6. b3 Nbd7 7. Nge2 Be7 8. d4 Nb6 9. 0-0 Qd7 10. Ba3 Rd8 11. Ne4 Nxe4 12. Bxe4 d5 13. Bxe7 dxe4 14. Bxd8 Qxd8 15. dxe5 Qg5 16. Nf4 Qxe5 17. Nxe6 Qxe6 18. Qd4 0-0 19. Rad1 h6 20. c5 Nd5 21. Kg2 f5 22. f3 exf3+ 23. Rxf3 Re8 24. Re1 Qg6 25. Ref1 Qg5 26. Kg1 Re4 27. Rxf5 Qxe3+ 28. Qxe3 Nxe3 29. Rf8+ Kh7 30. Re1 Re7 31. Rf3 Nd5 32. Rxe7 Nxe7 33. Rf7 Nd5 34. Rxb7 1-0

[Event "East Kilbride Weekly op 4th"]
[Site "East Kilbride"]
[Date "2011.05.26"]
[Round "4"]
[White "Dykes, John1"]
[Black "McCusker, Andrew"]
[Result "0-1"]
[WhiteElo "1498"]
[BlackElo "1199"]
[PlyCount "90"]
[EventDate "2011.05.??"]
[EventType "swiss"]
[EventRounds "5"]
[EventCountry "SCO"]
[SourceTitle "EXT 2023"]
[Source "ChessBase"]
[SourceDate "2022.10.05"]
[SourceVersion "1"]
[SourceVersionDate "2022.10.05"]
[SourceQuality "1"]

1. e4 c5 2. b3 Nc6 3. Nf3 d6 4. h3 Nf6 5. Bb2 Nxe4 6. d3 Nf6 7. Be2 g6 8. Nbd2 Bg7 9. Ne4 e6 10. 0-0 0-0 11. Nh2 Nxe4 12. Bxg7 Kxg7 13. dxe4 d5 14. exd5 exd5 15. Qd2 b6 16. Rfe1 Re8 17. Bb5 Rxe1+ 18. Rxe1 Nd4 19. Re8 Qd6 20. Ng4 Nf5 21. Bd3 d4 22. Bxf5 gxf5 23. Ne5 f6 24. Nf3 Bb7 25. Nh4 Qd7 26. Rxa8 Bxa8 27. f3 Qe6 28. Qf2 f4 29. g4 fxg3 30. Qxg3+ Kf7 31. Qc7+ Qe7 32. Qxe7+ Kxe7 33. Kf2 Bd5 34. Kg3 Be6 35. Ng2 Bf5 36. Ne1 Ke6 37. h4 Ke5 38. a3 b5 39. Kf2 c4 40. b4 h5 41. Kg3 d3 42. cxd3 cxd3 43. f4+ Ke4 44. Nf3 Bg4 45. Nd2+ Ke3 0-1

[Event "Prestwick Airport Minor"]
[Site "Prestwick"]
[Date "2011.05.15"]
[Round "4"]
[White "Bramley, Douglas"]
[Black "McCusker, Andrew"]
[Result "1-0"]
[WhiteElo "1433"]
[BlackElo "676"]
[PlyCount "89"]
[EventDate "2011.05.13"]
[EventType "swiss"]
[EventRounds "5"]
[EventCountry "SCO"]
[SourceTitle "EXT 2023"]
[Source "ChessBase"]
[SourceDate "2022.10.05"]
[SourceVersion "1"]
[SourceVersionDate "2022.10.05"]
[SourceQuality "1"]

1. d4 g6 2. e4 Bg7 3. c4 c5 4. d5 d6 5. Nc3 Nf6 6. f3 Nbd7 7. Be3 0-0 8. Qd2 Nb6 9. Bh6 e6 10. Bxg7 Kxg7 11. Bd3 exd5 12. Nxd5 Nbxd5 13. cxd5 Bd7 14. Ne2 Qc7 15. Rc1 b5 16. b3 b4 17. Qxb4 Qb6 18. Qxb6 axb6 19. a4 Ra5 20. Nc3 Ne8 21. Bb5 Bc8 22. Bxe8 Rxe8 23. Nb5 Rd8 24. Kd2 Ba6 25. Nc7 Bb7 26. Ra1 Rd7 27. Nb5 Ba6 28. Nc3 Kf6 29. Rhb1 Rb7 30. b4 cxb4 31. Rxb4 b5 32. Ra2 bxa4 33. Rxb7 Bxb7 34. Rxa4 Rxa4 35. Nxa4 Ba6 36. Ke3 g5 37. Nc3 Ke5 38. g3 Kf6 39. Ne2 h6 40. Nd4 Bc8 41. Nb5 Kg6 42. Nxd6 Bd7 43. Nc4 f6 44. e5 Bb5 45. Nd6 1-0